MANUAL OF MIKHAIL'S CLINICAL ANESTHESIOLOGY (Record no. 30516)

MARC details
000 -LEADER
fixed length control field 00434nam a22001697a 4500
003 - CONTROL NUMBER IDENTIFIER
control field SGT
020 ## - INTERNATIONAL STANDARD BOOK NUMBER
International Standard Book Number 9789389859975
082 ## - DEWEY DECIMAL CLASSIFICATION NUMBER
Classification number 617.96
Item number M21C
100 ## - MAIN ENTRY--PERSONAL NAME
Personal name CHU, LARRY F.
245 ## - TITLE STATEMENT
Title MANUAL OF MIKHAIL'S CLINICAL ANESTHESIOLOGY
250 ## - EDITION STATEMENT
Edition statement 2ND
260 ## - PUBLICATION, DISTRIBUTION, ETC. (IMPRINT)
Place of publication, distribution, etc PHILADELPHIA
Name of publisher, distributor, etc WOLTERS KALUWER PUB
Year of Publication 2021
300 ## - PAGE DESCRIPTION
No. of Pages 1561
650 ## - SUBJECT ADDED ENTRY--TOPICAL TERM
Topical term or geographic name as entry element ANESTHESIOLOGY
653 ## - KEYWORDS--INDEX TERM
Keyword term MANUAL OF MIKHAIL'S CLINICAL ANESTHESIOLOGY
942 ## - ADDED ENTRY ELEMENTS (KOHA)
Source of classification or shelving scheme Dewey Decimal Classification
Koha item type Books
Holdings
Withdrawn status Lost status Source of classification or shelving scheme Damaged status Not for loan Collection code Home library Current library Shelving location Date acquired Vendor Name Cost, normal purchase price SGTU Bill Number Total Checkouts Full call number Accession No. (Barcode) Date last seen Bill Date Koha item type
    Dewey Decimal Classification   Not For Loan MEDICAL SGT Medical Library SGT Medical Library Reference Book 11/02/2025 ABC DELHI 3199.00 SGTU 20461   617.96 M21C FM14687 31/03/2025 11/02/2025 Books
    Dewey Decimal Classification   Not For Loan MEDICAL SGT Medical Library SGT Medical Library Reference Book 11/02/2025 ABC DELHI 3199.00 SGTU 20461   617.96 M21C FM14688 31/03/2025 11/02/2025 Books